000 01011nam a2200277Ia 4500
001 Para_10318
003 CHAP
008 220125sAgos xx 000 0 und d
010 _a209012
040 _cCHAP
090 _aPA CD - TESIS 348
100 _aRamírez Hernández, Isabel
_9127896
245 _aComportamiento de variedades comerciales de trigo (Triticum aestivum L.) al tizón común (Bipolaris sotokiniana Sacc & Sarok) /
_c Isabel Ramírez Hernández; Director Santos Gerardo Leyva Mir
260 _aChapingo, Méx. :
_b el autor
300 _a1CDS ROM (45 p.)
502 _aTesis (Ing. Agr. Esp. en Parasitología Agrícola). UACh. Departamento Parasitología Agrícola
700 _aLeyva Mir, Santos Gerardo. Director
_9171335
710 _aUACh Departamento Parasitología Agrícola
901 _aPA CD - TESIS 348
902 _aM
905 _a513220Agosto, 2014 amn 8100000000 06
910 _aAgos
942 _cPARA
942 _cPARA
_d2
999 _c209012
_d209012